[Event "Madrid ch - Semifinal A"]
[Site "Madrid ESP"]
[Date "2011.01.17"]
[Round "1.1"]
[White "Baeza Escudero, Javier"]
[Black "Gemy, Jose Daniel"]
[Result "1/2-1/2"]
[WhiteElo "1984"]
[BlackElo "2301"]
[PlyCount "94"]
[EventDate "2011.01.17"]
[EventType "swiss"]
[EventRounds "9"]
[EventCountry "ESP"]
[Source "lmi"]
[SourceDate "2011.01.17"]

1. e4 e6 2. d4 d5 3. Nd2 c5 4. Ngf3 Nc6 5. exd5 Qxd5 6. Bc4 Qd7 7. dxc5 Bxc5 8.
O-O Nf6 9. Nb3 Bd6 10. Qe2 Qc7 11. h3 Bd7 12. c3 O-O-O 13. Be3 h5 14. Bg5 Ne5
15. Nxe5 Bxe5 16. Nd4 Bf4 17. Bxf4 Qxf4 18. Qf3 Qc7 19. Bb5 e5 20. Bxd7+ Qxd7
21. Nb3 Qd3 22. Nd4 Qxf3 23. Nxf3 Nd7 24. Rfe1 f6 25. Nh4 Nc5 26. Nf5 Rd7 27.
Rad1 Rhd8 28. Rxd7 Rxd7 29. Re2 g6 30. Ne3 b5 31. c4 bxc4 32. Nxc4 Rd1+ 33. Kh2
Kd7 34. g4 Rd4 35. b3 hxg4 36. hxg4 g5 37. f3 Nd3 38. Kg3 Nf4 39. Rh2 Ke6 40.
Rh7 Rd1 41. Rxa7 Rg1+ 42. Kf2 Nh3+ 43. Ke2 Nf4+ 44. Kf2 Nh3+ 45. Ke2 Nf4+ 46.
Kf2 Rg2+ 47. Kf1 e4 1/2-1/2

[Event "Madrid ch - Semifinal A"]
[Site "Madrid ESP"]
[Date "2011.01.17"]
[Round "1.2"]
[White "Perez Gonzalez, Jose Manuel"]
[Black "Quintero Torres, Pedro"]
[Result "1-0"]
[WhiteElo "2279"]
[BlackElo "1968"]
[PlyCount "125"]
[EventDate "2011.01.17"]
[EventType "swiss"]
[EventRounds "9"]
[EventCountry "ESP"]
[Source "lmi"]
[SourceDate "2011.01.17"]

1. e4 c5 2. Nf3 e6 3. d4 cxd4 4. Nxd4 Nc6 5. Nc3 Nf6 6. Ndb5 Bb4 7. a3 Bxc3+ 8.
Nxc3 d5 9. exd5 exd5 10. Bd3 O-O 11. O-O d4 12. Ne2 Bg4 13. f3 Bh5 14. Bg5 Qd6
15. Qe1 Bg6 16. Rd1 Rfe8 17. Qf2 Bxd3 18. Rxd3 Qe5 19. Bxf6 Qxe2 20. Bxd4 Nxd4
21. Rxd4 Rac8 22. c3 Qb5 23. Rd2 Rcd8 24. Rfd1 Rxd2 25. Rxd2 h6 26. h3 a6 27.
Kh2 Qa4 28. Qd4 Qc6 29. Qd7 Qxd7 30. Rxd7 b5 31. Rd2 Re6 32. Kg1 g6 33. Kf2 Kg7
34. Re2 Rd6 35. Ke3 Kf6 36. Rd2 Rc6 37. Rd4 Ke6 38. Kd3 f5 39. a4 g5 40. axb5
axb5 41. Kc2 Rc5 42. Kb3 Re5 43. Rd2 h5 44. c4 g4 45. hxg4 hxg4 46. fxg4 fxg4
47. cxb5 Rxb5+ 48. Kc4 Rf5 49. b4 Rf1 50. b5 Rb1 51. Kc5 Ke5 52. Re2+ Kf4 53.
b6 Rc1+ 54. Kd6 Rd1+ 55. Kc7 Rc1+ 56. Kb8 Kg3 57. b7 Kh2 58. Ra2 Rg1 59. Ka8
Rxg2 60. b8=Q+ g3 61. Qh8+ Kg1 62. Ra1+ Kf2 63. Qd4+ 1-0

[Event "Madrid ch - Semifinal A"]
[Site "Madrid ESP"]
[Date "2011.01.17"]
[Round "1.3"]
[White "Vukotic Jovsic, Dragan"]
[Black "Ramirez Garcia, Jorge Alberto"]
[Result "0-1"]
[WhiteElo "1960"]
[BlackElo "2255"]
[PlyCount "40"]
[EventDate "2011.01.17"]
[EventType "swiss"]
[EventRounds "9"]
[EventCountry "ESP"]
[Source "lmi"]
[SourceDate "2011.01.17"]

1. d4 e6 2. e3 b6 3. Nf3 f5 4. d5 Bd6 5. Nc3 Nf6 6. dxe6 dxe6 7. Bc4 Qe7 8. Nd4
a6 9. O-O c5 10. Nf3 Bb7 11. a4 Nbd7 12. e4 fxe4 13. Ng5 Ne5 14. Bxe6 Rd8 15.
Qe2 h6 16. Ncxe4 Nxe4 17. Nxe4 Qxe6 18. Nxd6+ Rxd6 19. Re1 O-O 20. f4 Qg4 0-1

[Event "Madrid ch - Semifinal A"]
[Site "Madrid ESP"]
[Date "2011.01.17"]
[Round "1.4"]
[White "De La Fuente Gonzalez, Francisco"]
[Black "Ruiz Quevedo, Andres"]
[Result "1/2-1/2"]
[WhiteElo "2230"]
[BlackElo "1950"]
[PlyCount "48"]
[EventDate "2011.01.17"]
[EventType "swiss"]
[EventRounds "9"]
[EventCountry "ESP"]
[Source "lmi"]
[SourceDate "2011.01.17"]

1. c4 Nf6 2. Nf3 c5 3. Nc3 e6 4. g3 b6 5. Bg2 Bb7 6. O-O a6 7. Re1 d6 8. e4 Be7
9. d4 cxd4 10. Nxd4 Qc7 11. Be3 O-O 12. Rc1 Re8 13. f4 Nbd7 14. Bf2 Nf8 15. b3
Rac8 16. f5 N6d7 17. Nf3 Qb8 18. Be3 Bc6 19. Nd4 Bb7 20. Qd2 Ne5 21. Na4 Bd8
22. Rcd1 Ba8 23. Qb4 Bc7 24. Nc3 Nfd7 1/2-1/2

[Event "Madrid ch - Semifinal A"]
[Site "Madrid ESP"]
[Date "2011.01.17"]
[Round "1.5"]
[White "Rojas Pozo, Jose Luis"]
[Black "Pastor Alonso De Prado, Emilio A"]
[Result "0-1"]
[WhiteElo "1946"]
[BlackElo "2176"]
[PlyCount "84"]
[EventDate "2011.01.17"]
[EventType "swiss"]
[EventRounds "9"]
[EventCountry "ESP"]
[Source "lmi"]
[SourceDate "2011.01.17"]

1. d4 d5 2. c4 e6 3. Nc3 Nf6 4. Bg5 Be7 5. e3 h6 6. Bh4 O-O 7. Nf3 b6 8. cxd5
exd5 9. Bd3 Be6 10. Ne5 Nfd7 11. Bxe7 Qxe7 12. Nf3 c5 13. dxc5 bxc5 14. O-O Nf6
15. Qa4 Nbd7 16. Qa3 Rfb8 17. Nd4 Ne5 18. Be2 Rb7 19. Nb3 Rab8 20. Na4 c4 21.
Qxe7 Rxe7 22. Nbc5 Ne4 23. b3 Bd7 24. Nxe4 Bxa4 25. Nc3 Bc6 26. bxc4 dxc4 27.
Rab1 Rd8 28. Rfd1 Rxd1+ 29. Rxd1 Rb7 30. Rb1 Rxb1+ 31. Nxb1 Kf8 32. f3 Ke7 33.
Kf1 Kd6 34. Ke1 Kc5 35. a3 f5 36. Kd2 Nf7 37. Nc3 g5 38. h3 Ne5 39. Nb1 Nf7 40.
Kc3 Nd6 41. Nd2 Nb5+ 42. Kc2 Nxa3+ 0-1

[Event "Madrid ch - Semifinal A"]
[Site "Madrid ESP"]
[Date "2011.01.17"]
[Round "1.8"]
[White "Alvarez Abejon, Amilcar"]
[Black "Lozano Sanchez, Jose Antonio"]
[Result "1-0"]
[WhiteElo "2094"]
[BlackElo "1918"]
[PlyCount "99"]
[EventDate "2011.01.17"]
[EventType "swiss"]
[EventRounds "9"]
[EventCountry "ESP"]
[Source "lmi"]
[SourceDate "2011.01.17"]

1. e4 e5 2. Nf3 Nc6 3. d4 exd4 4. Bc4 d6 5. Nxd4 Nxd4 6. Qxd4 Qf6 7. Be3 Be7 8.
Nc3 Qxd4 9. Bxd4 Bf6 10. O-O-O Be6 11. Bxe6 fxe6 12. e5 Bg5+ 13. Kb1 d5 14. Nb5
Kd7 15. c4 a6 16. Nc3 c6 17. Ne4 Be7 18. Bc5 Nh6 19. f4 Rab8 20. Rhe1 Rhf8 21.
g3 Bxc5 22. Nxc5+ Ke7 23. Rd3 a5 24. cxd5 cxd5 25. Rb3 b6 26. Na6 Rb7 27. Rc1
Ra8 28. Nc7 Rd8 29. Rc6 Nf5 30. Nxe6 Rdd7 31. g4 Nh6 32. h3 Nf7 33. Nxg7 Nd8
34. Rbxb6 Rxb6 35. Rxb6 d4 36. Rd6 Rxd6 37. Nf5+ Ke6 38. exd6 Kd5 39. Kc2 Ke4
40. b3 Ne6 41. a3 Nc5 42. b4 d3+ 43. Kd2 axb4 44. axb4 Ne6 45. d7 Kxf4 46. Kxd3
h5 47. Nd4 Nd8 48. gxh5 Kg5 49. b5 Kxh5 50. Nc6 1-0

[Event "Madrid ch - Semifinal A"]
[Site "Madrid ESP"]
[Date "2011.01.17"]
[Round "1.9"]
[White "Rodriguez Vignote, Javier"]
[Black "Spitzer Isbert, Ramon"]
[Result "0-1"]
[WhiteElo "1918"]
[BlackElo "2082"]
[PlyCount "60"]
[EventDate "2011.01.17"]
[EventType "swiss"]
[EventRounds "9"]
[EventCountry "ESP"]
[Source "lmi"]
[SourceDate "2011.01.17"]

1. d4 d5 2. c4 dxc4 3. e3 e5 4. Nf3 exd4 5. exd4 Bb4+ 6. Nc3 Nf6 7. Bxc4 O-O 8.
O-O Bg4 9. Be3 Nc6 10. Be2 Re8 11. a3 Ba5 12. Qd3 Qd7 13. Rad1 h6 14. h3 Bh5
15. Qb5 a6 16. Qb3 Bb6 17. Ne5 Qe6 18. Bc4 Qe7 19. g4 Nxe5 20. dxe5 Bxg4 21.
exf6 Qe5 22. Bxf7+ Kh8 23. hxg4 Bxe3 24. fxe3 Qg3+ 25. Kh1 Qh3+ 26. Kg1 Qg3+
27. Kh1 Rxe3 28. Qxb7 Qh4+ 29. Kg1 Rg3+ 30. Kf2 Qh2+ 0-1

[Event "Madrid ch - Semifinal A"]
[Site "Madrid ESP"]
[Date "2011.01.17"]
[Round "1.10"]
[White "Mansilla Tolosa, Luis"]
[Black "Martin-Consuegra Barrilero, Javi"]
[Result "1-0"]
[WhiteElo "2081"]
[BlackElo "1906"]
[PlyCount "45"]
[EventDate "2011.01.17"]
[EventType "swiss"]
[EventRounds "9"]
[EventCountry "ESP"]
[Source "lmi"]
[SourceDate "2011.01.17"]

1. d4 d6 2. c4 Nf6 3. Nc3 c6 4. g3 Nbd7 5. Bg2 e5 6. Nf3 Be7 7. O-O O-O 8. Qc2
Qc7 9. b3 Re8 10. Bb2 Bf8 11. Rac1 Nb6 12. h3 Bd7 13. c5 Nbd5 14. cxd6 Bxd6 15.
dxe5 Nxc3 16. Qxc3 Ne4 17. Qd4 Nxg3 18. fxg3 Bf8 19. Ng5 Be6 20. Qd3 g6 21. Ne4
Red8 22. Qf3 Bd5 23. Nf6+ 1-0

[Event "Madrid ch - Semifinal A"]
[Site "Madrid ESP"]
[Date "2011.01.17"]
[Round "1.11"]
[White "Perez Cameselle, Francisco"]
[Black "Cortes Jurado, Rafael"]
[Result "0-1"]
[WhiteElo "1904"]
[BlackElo "2081"]
[PlyCount "118"]
[EventDate "2011.01.17"]
[EventType "swiss"]
[EventRounds "9"]
[EventCountry "ESP"]
[Source "lmi"]
[SourceDate "2011.01.17"]

1. Nf3 Nf6 2. g3 g6 3. Bg2 Bg7 4. O-O O-O 5. d3 c5 6. e4 d6 7. Nbd2 Nc6 8. c3
e5 9. Ne1 d5 10. exd5 Nxd5 11. Ne4 b6 12. Bg5 f6 13. Bd2 Be6 14. Qe2 Re8 15.
Nc2 h6 16. f3 Kh7 17. Ne3 Qd7 18. Nxd5 Bxd5 19. a3 Rad8 20. Be3 f5 21. Nf2 Qb7
22. Qc2 Rc8 23. c4 Bf7 24. Nh3 g5 25. Rae1 Qd7 26. Kh1 f4 27. Bg1 Rcd8 28. Rd1
Bg6 29. Nf2 Nd4 30. Qd2 Qe6 31. Ne4 Rf8 32. Bxd4 Rxd4 33. Qe2 Qd7 34. Rd2 g4
35. Rfd1 fxg3 36. hxg3 gxf3 37. Bxf3 Rxf3 38. Qxf3 Bxe4 39. dxe4 Rxd2 40. Rxd2
Qxd2 41. Qf5+ Kg8 42. Qe6+ Kf8 43. Qf5+ Ke7 44. Qg6 Qg5 45. Qc6 Qf6 46. Qb7+
Kf8 47. Qa8+ Kf7 48. Qxa7+ Kg6 49. Kg2 h5 50. a4 Qd6 51. b3 Bh6 52. Kh3 Qe6+
53. Kg2 h4 54. gxh4 Qg4+ 55. Kf1 Qf3+ 56. Kg1 Be3+ 57. Kh2 Qf2+ 58. Kh3 Bf4 59.
h5+ Kh6 0-1

[Event "Madrid ch - Semifinal A"]
[Site "Madrid ESP"]
[Date "2011.01.17"]
[Round "1.12"]
[White "Garcia Ruido, Ricardo"]
[Black "Garcia Martin, Juan Manuel"]
[Result "1-0"]
[WhiteElo "2067"]
[BlackElo "1903"]
[PlyCount "65"]
[EventDate "2011.01.17"]
[EventType "swiss"]
[EventRounds "9"]
[EventCountry "ESP"]
[Source "lmi"]
[SourceDate "2011.01.17"]

1. d4 Nf6 2. c4 e5 3. dxe5 Ng4 4. e4 Nxe5 5. f4 Ng6 6. Nf3 Bb4+ 7. Nc3 Qe7 8.
Bd3 Nc6 9. O-O Bxc3 10. bxc3 d6 11. Nd4 O-O 12. Ba3 Nxd4 13. cxd4 c5 14. f5 Nh4
15. g3 Nxf5 16. exf5 Qe3+ 17. Rf2 Bxf5 18. Bxf5 Qxa3 19. Be4 Rab8 20. Bd5 Qe3
21. dxc5 dxc5 22. Rb1 b6 23. Rb3 Qe7 24. Rbf3 h6 25. Rxf7 Rxf7 26. Rxf7 Qe3+
27. Kg2 Kh8 28. Qg4 Qc3 29. Qg6 Re8 30. Qf5 Qd4 31. Rf8+ Rxf8 32. Qxf8+ Kh7 33.
Bg8+ 1-0

[Event "Madrid ch - Semifinal A"]
[Site "Madrid ESP"]
[Date "2011.01.17"]
[Round "1.13"]
[White "Lopez Peral, Enrique"]
[Black "Lopez De Turiso, Jose Angel"]
[Result "0-1"]
[WhiteElo "1877"]
[BlackElo "2064"]
[PlyCount "148"]
[EventDate "2011.01.17"]
[EventType "swiss"]
[EventRounds "9"]
[EventCountry "ESP"]
[Source "lmi"]
[SourceDate "2011.01.17"]

1. c4 e5 2. Nc3 d6 3. g3 Nc6 4. Bg2 f5 5. d3 Be7 6. Nd5 Nf6 7. Nxe7 Qxe7 8. Bg5
O-O 9. e3 Be6 10. Ne2 Qe8 11. Bxf6 Rxf6 12. Nc3 Nd8 13. Nd5 Rf7 14. O-O c6 15.
Nc3 f4 16. exf4 exf4 17. Ne4 Qe7 18. Qh5 Rf5 19. Qe2 Qf8 20. Nd2 Rc8 21. Nf3
Rc7 22. Rae1 h6 23. Nh4 Rf6 24. gxf4 Qf7 25. f5 Bxf5 26. Qe8+ Qf8 27. Nxf5 Rxf5
28. Re3 Rcf7 29. Qxf8+ Rxf8 30. f3 c5 31. Rfe1 Nc6 32. a3 Ne5 33. Kh1 Nxf3 34.
Rf1 Ne5 35. Bd5+ Kh8 36. Rxf5 Rxf5 37. b4 b6 38. bxc5 bxc5 39. Kg2 g5 40. Be4
Rf8 41. h4 gxh4 42. Kh3 Rf4 43. Re2 Kg7 44. Rb2 Nxc4 45. Rb7+ Kf6 46. Bd5 Ne5
47. Rxa7 Nxd3 48. a4 Ke5 49. Bg8 c4 50. Re7+ Kd4 51. a5 Nc5 52. Rc7 c3 53. Bh7
Rf2 54. a6 Nxa6 55. Rc6 Nb4 56. Rxd6+ Nd5 57. Rxh6 Nf4+ 58. Kg4 h3 59. Kg3 Rf1
60. Rd6+ Kc4 61. Rh6 Ne2+ 62. Kh2 Nf4 63. Rf6 Rf2+ 64. Kh1 h2 65. Rh6 Kd4 66.
Rd6+ Ke3 67. Rd7 Rd2 68. Rxd2 Kxd2 69. Bb1 Kc1 70. Be4 Kd2 71. Bb1 Nd5 72. Kxh2
Nb4 73. Kg2 Nc2 74. Ba2 Ne3+ 0-1

[Event "Madrid ch - Semifinal A"]
[Site "Madrid ESP"]
[Date "2011.01.17"]
[Round "1.14"]
[White "Cabanas Bravo, Juan Andres"]
[Black "Perez Del Amo, Jorge"]
[Result "1-0"]
[WhiteElo "2059"]
[BlackElo "1854"]
[PlyCount "41"]
[EventDate "2011.01.17"]
[EventType "swiss"]
[EventRounds "9"]
[EventCountry "ESP"]
[Source "lmi"]
[SourceDate "2011.01.17"]

1. e4 c5 2. Nf3 d6 3. d4 cxd4 4. Nxd4 Nf6 5. Nc3 a6 6. Bg5 e6 7. f4 Be7 8. Qf3
Nbd7 9. Bc4 h6 10. Bh4 Qa5 11. O-O-O Nc5 12. Rhf1 e5 13. fxe5 dxe5 14. Bxf6
Bxf6 15. Qh5 O-O 16. Rxf6 exd4 17. Bxf7+ Rxf7 18. Qxf7+ Kh7 19. Qg6+ Kg8 20.
Qe8+ Kh7 21. Rf8 1-0

[Event "Madrid ch - Semifinal A"]
[Site "Madrid ESP"]
[Date "2011.01.17"]
[Round "1.15"]
[White "Galan Aguado, Fernando"]
[Black "Lopez Heras, Arturo"]
[Result "1-0"]
[WhiteElo "1841"]
[BlackElo "2021"]
[PlyCount "91"]
[EventDate "2011.01.17"]
[EventType "swiss"]
[EventRounds "9"]
[EventCountry "ESP"]
[Source "lmi"]
[SourceDate "2011.01.17"]

1. d4 Nf6 2. Nf3 d5 3. e3 g6 4. Be2 Bg7 5. b3 O-O 6. O-O Nc6 7. Bb2 Bf5 8. a3
Re8 9. Nbd2 Rc8 10. Bb5 a6 11. Bxc6 bxc6 12. Ne5 Bd7 13. b4 Rb8 14. Nb3 Ne4 15.
Qd3 Rb6 16. f3 Nd6 17. Nc5 Bxe5 18. dxe5 Nc4 19. Bd4 Bc8 20. Nb3 Rb8 21. Qc3 e6
22. Nd2 Nxd2 23. Qxd2 Ra8 24. Qc3 Bd7 25. Qc5 Qb8 26. Qa5 Qb7 27. Rfc1 Reb8 28.
c3 Qc8 29. Qc5 Qd8 30. Qa5 Rb5 31. Qa4 c5 32. bxc5 Rxc5 33. Qd1 Rb5 34. c4 dxc4
35. Rxc4 Rab8 36. Rac1 R5b7 37. Bc5 Bb5 38. Rd4 Qe8 39. Qd2 Ba4 40. Qa5 Rb1 41.
Rxb1 Rxb1+ 42. Kf2 Bb5 43. Qxc7 Rb2+ 44. Kg3 Bf1 45. Rd8 Rxg2+ 46. Kf4 1-0

[Event "Madrid ch - Semifinal A"]
[Site "Madrid ESP"]
[Date "2011.01.17"]
[Round "1.16"]
[White "Lorenzo Bailador, Alfredo"]
[Black "Sarabia Utrilla, Joaquin"]
[Result "1-0"]
[WhiteElo "2018"]
[BlackElo "1840"]
[PlyCount "103"]
[EventDate "2011.01.17"]
[EventType "swiss"]
[EventRounds "9"]
[EventCountry "ESP"]
[Source "lmi"]
[SourceDate "2011.01.17"]

1. e4 e5 2. Nf3 Nf6 3. Nxe5 d6 4. Nf3 Nxe4 5. Qe2 Qe7 6. d3 Nf6 7. Bg5 Bg4 8.
Bxf6 gxf6 9. Qxe7+ Bxe7 10. Be2 Nc6 11. Nc3 O-O-O 12. Nd5 Be6 13. Nxe7+ Nxe7
14. Kd2 Ng6 15. g3 Ne5 16. Nh4 Ng6 17. Ng2 Bd5 18. f3 Ne5 19. Rhf1 Rde8 20. Ne3
Bc6 21. f4 Nd7 22. Bh5 Rhf8 23. Rfe1 Kd8 24. c4 Nc5 25. Ng4 Re6 26. b4 Nd7 27.
Nh6 Rfe8 28. Bxf7 Rxe1 29. Rxe1 Rxe1 30. Kxe1 Ke7 31. Bg8 Nf8 32. Kf2 a6 33.
Nf5+ Ke8 34. Ne3 Ke7 35. Bd5 Kd7 36. Bxc6+ bxc6 37. Kf3 Ne6 38. Ke4 Ke7 39. a3
Ng7 40. Nf5+ Nxf5 41. Kxf5 Kf7 42. a4 c5 43. b5 a5 44. g4 Ke7 45. h4 Kf7 46. g5
fxg5 47. fxg5 Ke7 48. g6 hxg6+ 49. Kxg6 Kf8 50. Kf6 Ke8 51. Ke6 Kf8 52. Kd7 1-0

[Event "Madrid ch - Semifinal A"]
[Site "Madrid ESP"]
[Date "2011.01.17"]
[Round "1.17"]
[White "Beekhof Harmsen, Willen"]
[Black "Fuentes Arjona, Antonio"]
[Result "1-0"]
[WhiteElo "1835"]
[BlackElo "2006"]
[PlyCount "75"]
[EventDate "2011.01.17"]
[EventType "swiss"]
[EventRounds "9"]
[EventCountry "ESP"]
[Source "lmi"]
[SourceDate "2011.01.17"]

1. d4 Nf6 2. c4 c5 3. e3 d5 4. dxc5 e6 5. cxd5 exd5 6. Nc3 Bxc5 7. Nf3 Nc6 8.
g3 O-O 9. Bg2 d4 10. Na4 Bb4+ 11. Kf1 Bg4 12. a3 dxe3 13. Qxd8 e2+ 14. Kxe2
Raxd8 15. Be3 Rfe8 16. Rhd1 Bf8 17. Rxd8 Rxd8 18. h3 Bf5 19. Nc3 Bd3+ 20. Ke1
Re8 21. Rd1 Bc2 22. Rd2 Bb3 23. Nd4 Nxd4 24. Rxd4 Bc5 25. Rd2 Bxe3 26. fxe3
Rxe3+ 27. Kf2 Re7 28. Bxb7 g6 29. Bf3 Kg7 30. Rd4 Nd7 31. Re4 Ne5 32. Be2 Bc2
33. Re3 f6 34. b4 h5 35. Nb5 Bf5 36. Bf1 Bc8 37. Nd6 Rc7 38. Ne8+ 1-0

[Event "Madrid ch - Semifinal A"]
[Site "Madrid ESP"]
[Date "2011.01.18"]
[Round "2.1"]
[White "Cortes Jurado, Rafael"]
[Black "Perez Gonzalez, Jose Manuel"]
[Result "0-1"]
[WhiteElo "2081"]
[BlackElo "2279"]
[PlyCount "54"]
[EventDate "2011.01.17"]
[EventType "swiss"]
[EventRounds "9"]
[EventCountry "ESP"]
[Source "lmi"]
[SourceDate "2011.01.17"]

1. d4 Nf6 2. c4 c5 3. d5 b5 4. cxb5 a6 5. bxa6 g6 6. Nc3 Bxa6 7. Nf3 d6 8. e4
Bxf1 9. Kxf1 Nbd7 10. g3 Bg7 11. Kg2 O-O 12. Re1 Ra6 13. Qd3 Qa8 14. e5 Nxe5
15. Nxe5 dxe5 16. Kg1 Rd8 17. Rxe5 e6 18. Re2 Nxd5 19. Nxd5 Rxd5 20. Qb3 c4 21.
Qc2 Rxa2 22. Rxa2 Qxa2 23. Re4 Bd4 24. Bh6 e5 25. Qe2 f5 26. Rxd4 Rxd4 27. Qxe5
Qb1+ 0-1

[Event "Madrid ch - Semifinal A"]
[Site "Madrid ESP"]
[Date "2011.01.18"]
[Round "2.2"]
[White "Ramirez Garcia, Jorge Alberto"]
[Black "Garcia Ruido, Ricardo"]
[Result "1-0"]
[WhiteElo "2255"]
[BlackElo "2067"]
[PlyCount "53"]
[EventDate "2011.01.17"]
[EventType "swiss"]
[EventRounds "9"]
[EventCountry "ESP"]
[Source "lmi"]
[SourceDate "2011.01.17"]

1. e4 d6 2. f4 c5 3. Nc3 Nc6 4. g3 g6 5. Bg2 Bg7 6. d3 e5 7. Nh3 Nge7 8. O-O
O-O 9. Be3 Nd4 10. Qd2 f5 11. Rae1 Rb8 12. Nd1 b6 13. Rf2 Bb7 14. c4 Qd7 15.
Nc3 a6 16. Nd5 b5 17. b3 bxc4 18. bxc4 Nxd5 19. exd5 Qa4 20. Ng5 h6 21. Bxd4
hxg5 22. Bc3 gxf4 23. gxf4 Bh6 24. Qe2 Bxf4 25. Rxf4 exf4 26. Qe6+ Rf7 27.
Qxg6+ 1-0

[Event "Madrid ch - Semifinal A"]
[Site "Madrid ESP"]
[Date "2011.01.18"]
[Round "2.3"]
[White "Pastor Alonso De Prado, Emilio A"]
[Black "Cabanas Bravo, Juan Andres"]
[Result "1-0"]
[WhiteElo "2176"]
[BlackElo "2059"]
[PlyCount "79"]
[EventDate "2011.01.17"]
[EventType "swiss"]
[EventRounds "9"]
[EventCountry "ESP"]
[Source "lmi"]
[SourceDate "2011.01.17"]

1. e4 e5 2. Nf3 Nc6 3. Nc3 Nf6 4. Bb5 Nd4 5. Ba4 Bc5 6. Nxe5 O-O 7. Nd3 Bb6 8.
e5 Ne8 9. Nd5 d6 10. c3 Qg5 11. cxd4 Qxg2 12. Ne7+ Kh8 13. Rf1 Bh3 14. Qe2 Qxh2
15. Qe4 Bxf1 16. Kxf1 dxe5 17. dxe5 Rd8 18. Nd5 f5 19. Qf3 Bd4 20. N5f4 Nd6 21.
exd6 Rxd6 22. Qh3 Qxh3+ 23. Nxh3 g5 24. Rb1 Bf6 25. Bc2 Rfd8 26. Nc5 Rc6 27. b4
g4 28. Nf4 Be5 29. Bb3 h5 30. Nce6 Rg8 31. d4 Bd6 32. d5 Rb6 33. Nxh5 Ra8 34.
Nf6 Be7 35. Bb2 Bxf6 36. Bxf6+ Kh7 37. Be7 Kg6 38. Bc4 Rh8 39. Kg2 Ra6 40. Nxc7
1-0

[Event "Madrid ch - Semifinal A"]
[Site "Madrid ESP"]
[Date "2011.01.18"]
[Round "2.4"]
[White "Rodriguez De Castro, Ayar"]
[Black "Lorenzo Bailador, Alfredo"]
[Result "1-0"]
[WhiteElo "2103"]
[BlackElo "2018"]
[PlyCount "65"]
[EventDate "2011.01.17"]
[EventType "swiss"]
[EventRounds "9"]
[EventCountry "ESP"]
[Source "lmi"]
[SourceDate "2011.01.17"]

1. d4 d5 2. c4 e6 3. Nf3 Nf6 4. g3 Be7 5. Bg2 O-O 6. O-O dxc4 7. Ne5 c5 8. e3
Qc7 9. Na3 cxd4 10. Naxc4 dxe3 11. Bxe3 Nbd7 12. Nxd7 Bxd7 13. Rc1 Nd5 14. Nb6
Bc6 15. Nxa8 Rxa8 16. Qb3 Bf6 17. Rfd1 Qe5 18. Bd4 Qf5 19. Qc2 Qxc2 20. Rxc2
Bxd4 21. Rxd4 Kf8 22. b4 a6 23. Rc5 Ke7 24. f4 g6 25. Kf2 Rd8 26. a3 Rd6 27.
Bf3 Rd8 28. Be2 Nc7 29. Rxd8 Kxd8 30. Bf3 Nd5 31. Bxd5 Bxd5 32. g4 Bc6 33. Rc3
1-0

[Event "Madrid ch - Semifinal A"]
[Site "Madrid ESP"]
[Date "2011.01.18"]
[Round "2.5"]
[White "Lopez De Turiso, Jose Angel"]
[Black "Alvarez Abejon, Amilcar"]
[Result "1/2-1/2"]
[WhiteElo "2064"]
[BlackElo "2094"]
[PlyCount "103"]
[EventDate "2011.01.17"]
[EventType "swiss"]
[EventRounds "9"]
[EventCountry "ESP"]
[Source "lmi"]
[SourceDate "2011.01.17"]

1. d4 e6 2. c4 f5 3. Nc3 Nf6 4. Bg5 Bb4 5. Qc2 h6 6. Bxf6 Qxf6 7. Nf3 c5 8.
O-O-O Bxc3 9. Qxc3 b6 10. g3 Bb7 11. Bg2 O-O 12. Ne1 Bxg2 13. Nxg2 Rc8 14. Kb1
Nc6 15. dxc5 Qxc3 16. bxc3 Ne5 17. cxb6 axb6 18. Ne3 Ra7 19. Rd6 Nxc4 20. Nxc4
Rxc4 21. Rhd1 Rxc3 22. Rxd7 Ra5 23. R1d2 Rb5+ 24. Rb2 Rbc5 25. a4 R3c4 26. Ra7
Ra5 27. Rxa5 bxa5 28. Ra2 Kf7 29. Kb2 e5 30. Kb3 Rc5 31. Rd2 Ke6 32. Rd8 g6 33.
Rg8 Kf7 34. Rb8 Ke7 35. Rb6 g5 36. Rxh6 Rd5 37. Ra6 g4 38. Kc4 Rd4+ 39. Kb5 Rd2
40. Rxa5 Rxe2 41. Kc4 Rxf2 42. Rxe5+ Kf6 43. Re3 Rxh2 44. a5 f4 45. gxf4 Kf5
46. Ra3 Kxf4 47. a6 Rh8 48. a7 Ra8 49. Kd3 g3 50. Ke2 Ke5 51. Ra6 Kd5 52. Kf3
1/2-1/2

[Event "Madrid ch - Semifinal A"]
[Site "Madrid ESP"]
[Date "2011.01.18"]
[Round "2.6"]
[White "Spitzer Isbert, Ramon"]
[Black "Galan Aguado, Fernando"]
[Result "1-0"]
[WhiteElo "2082"]
[BlackElo "1841"]
[PlyCount "41"]
[EventDate "2011.01.17"]
[EventType "swiss"]
[EventRounds "9"]
[EventCountry "ESP"]
[Source "lmi"]
[SourceDate "2011.01.17"]

1. e4 e6 2. d4 d5 3. Nc3 dxe4 4. Nxe4 Bd7 5. Bg5 Be7 6. Nf3 Bc6 7. Bxe7 Qxe7 8.
Bd3 Qb4+ 9. c3 Qxb2 10. O-O Nd7 11. Re1 Ngf6 12. Rb1 Qa3 13. Rb3 Qa4 14. Qb1
O-O 15. Nxf6+ Nxf6 16. Ne5 g6 17. Re3 Kg7 18. Rh3 Rh8 19. Qc1 Ng8 20. Qf4 Qxa2
21. Qxf7# 1-0

[Event "Madrid ch - Semifinal A"]
[Site "Madrid ESP"]
[Date "2011.01.18"]
[Round "2.7"]
[White "Monge Gilgado, Eva Maria"]
[Black "Mansilla Tolosa, Luis"]
[Result "0-1"]
[WhiteElo "1832"]
[BlackElo "2081"]
[PlyCount "72"]
[EventDate "2011.01.17"]
[EventType "swiss"]
[EventRounds "9"]
[EventCountry "ESP"]
[Source "lmi"]
[SourceDate "2011.01.17"]

1. e4 c6 2. e5 d6 3. exd6 exd6 4. d4 Nf6 5. c4 d5 6. c5 Be7 7. Bd3 O-O 8. Nf3
Ne4 9. O-O b6 10. cxb6 axb6 11. Qc2 Ba6 12. Bxa6 Nxa6 13. Nc3 Nxc3 14. bxc3 Qc7
15. Ng5 g6 16. h4 c5 17. h5 cxd4 18. hxg6 hxg6 19. Ne6 Qxc3 20. Qxc3 dxc3 21.
Nxf8 Bxf8 22. Be3 b5 23. Rac1 Bg7 24. Rcd1 Nb4 25. a3 Rxa3 26. Bc5 Rb3 27. Bxb4
Rxb4 28. Rxd5 Rb2 29. Rd8+ Kh7 30. g3 b4 31. Kg2 Bf6 32. Rh1+ Kg7 33. Rdh8 Bd4
34. Kf3 f5 35. Kf4 Rxf2+ 36. Kg5 Bf6# 0-1

[Event "Madrid ch - Semifinal A"]
[Site "Madrid ESP"]
[Date "2011.01.18"]
[Round "2.8"]
[White "Gemy, Jose Daniel"]
[Black "Beekhof Harmsen, Willen"]
[Result "1-0"]
[WhiteElo "2301"]
[BlackElo "1835"]
[PlyCount "131"]
[EventDate "2011.01.17"]
[EventType "swiss"]
[EventRounds "9"]
[EventCountry "ESP"]
[Source "lmi"]
[SourceDate "2011.01.17"]

1. d4 f5 2. c4 Nf6 3. Nc3 e6 4. Bg5 Be7 5. Qc2 h6 6. Bxf6 Bxf6 7. Nf3 Nc6 8.
O-O-O d5 9. e3 O-O 10. cxd5 Nb4 11. Qb3 Nxd5 12. Bd3 c6 13. e4 fxe4 14. Nxe4
Qb6 15. Qxb6 axb6 16. Bb1 Be7 17. Ne5 Nf6 18. Ng6 Re8 19. Nxe7+ Rxe7 20. Nxf6+
gxf6 21. Rhe1 Bd7 22. Re3 Ra5 23. Rb3 Rg5 24. g3 b5 25. f4 Rh5 26. h4 c5 27. f5
c4 28. Re3 Kf7 29. Be4 Bc6 30. d5 exf5 31. Bf3 Rxe3 32. dxc6 bxc6 33. Bxh5+ Ke7
34. Rg1 c3 35. b4 Re4 36. a3 f4 37. Bg6 Re2 38. gxf4 Ra2 39. Re1+ Kd6 40. Bb1
Rxa3 41. Kc2 c5 42. bxc5+ Kxc5 43. Re6 b4 44. Rxf6 Kd4 45. Rd6+ Ke4 46. Kc1+
Kxf4 47. Rd4+ Kg3 48. Rxb4 Ra5 49. Bg6 h5 50. Rc4 Ra1+ 51. Kc2 Rh1 52. Bxh5
Rxh4 53. Rc5 Kf2 54. Kxc3 Ke3 55. Bg6 Rh3 56. Re5+ Kf4+ 57. Kd4 Rh4 58. Be4 Kg3
59. Ke3 Rg4 60. Ra5 Kh4 61. Bf3 Rg5 62. Ra4+ Kg3 63. Ra1 Re5+ 64. Be4 Re8 65.
Rg1+ Kh4 66. Kf4 1-0